000 00480cam a2200193ua 4500
001 4003
005 20260515113753.0
008 111212n ii |||gr||||Z||||||asm
040 _cMAIN
082 _a891.4511
100 1 _aSaikia, Bipul Jyoti,
245 1 1 _aMahakavyar pratham pat
_cby Bipul Jyoti Saikia
250 _a2nd.
260 _aGuwahati:
_bStudents stores,996.
300 _a71p:
_c23cm.
653 _aAssamese poem
653 _aMahakavyar pratham pat
942 _cBK
999 _c3823
_d3823